| 000 | 01169nam0a22003011 4500 | ||
|---|---|---|---|
| 001 | rc\166898 | ||
| 005 | 20250620214813.0 | ||
| 010 |
_a5-89984-005-6 _91000 |
||
| 035 | _a(NLR Aleph) 005430637 | ||
| 090 |
_a7573639 _c7573639 |
||
| 100 | _a20030307d1995 |||y0rusy50 ca | ||
| 101 | 0 | _arus | |
| 102 | _aRU | ||
| 105 | _ay ||||||||| | ||
| 200 | 1 |
_aПредки В.И. Ульянова-Ленина _fПод ред. А.Н. Онучина _gАссоц. генеалогов-любителей |
|
| 210 |
_aПермь _cИзд-во Ассоц. генеалогов-любителей _d1995 |
||
| 215 |
_a22 с. _d20 |
||
| 320 | _aСписок публ. В.А. Могильникова: с. 23 | ||
| 320 | _aБиблиогр.: с. 15 | ||
| 320 | _aУказ. лиц, внес. в поколен. родослов. роспись: с. 13, 20-21 | ||
| 600 | 1 |
_aЛенин _bВ.И. _gВладимир Ильич _2psbo |
|
| 700 | 1 |
_aМогильников _bВ.А. _gВладимир Александрович |
|
| 801 | 0 |
_aRU _bNLR _gpsbo |
|
| 801 | 1 |
_aRU _bELAR _2rusmarc |
|
| 852 |
_aNLR _j96-4/7235 |
||
| 942 | _cBOOK | ||
| 980 | _aNB | ||
| 980 | _aGENEAL02 | ||